000 00693nam a2200217Ii 4500
003 JO-AjNU
008 230606s9999||||xx |||||||||||||| ||und||
020 _a0-521-53291-4
040 _aJO-AjNU
_beng
_erda
_cJO-AjNU
041 _aeng
050 1 4 _aPE1112.H47 2005
100 3 _aHewings,Martin تاليف,
_eauthor
_91904
245 0 0 _aAdvanced Grammar In Use:With Answers And CD-Rom
250 _a2 ed
264 3 1 _aUK:The Press Syndicate Of The University Of cambridge,2005
300 _a294p
336 _atext
_btxt
_2rdacontent
337 _aunmediated
_bn
_2rdamedia
338 _avolume
_bnc
_2rdacarrier
650 4 _aAdvanced Grammar In Use:With Answers And CD-Rom-Grammar
_91905
999 _aE1002
_c1002
_d1002